000 01101nam a2200313 a 4500
003 BLK
005 20250726123824.0
008 210721b bul|||||r ||||||| ||bul||
020 _a9786190214564
040 _aBLK
041 _aBUL
_cBUL
080 _aШвейцарска литература на френски език
_b821.133.1(494)
_x-312.4
_z821.133.1(494)-312.4
100 1 _aДикер, Жоел
_d1985 -
_eпърви автор
_961431
139 _aДикер, Жоел
_bД 53
245 1 0 _aДиво животно
_cЖоел Дикер ; прев. от фр. Красимир Петров.
257 _aSWI
260 _aСофия
_bКолибри
_c2024
300 _a400 с.
_c21 см
380 _aX
700 1 _aПетров, Красимир Тодоров
_eпрев. от фр.
_9364448
852 _bП
_c821-31/Д 53 Ж
852 _bЦб
_aЦб 324443
856 _i0.00
_ldisable
942 _cKNG
_n0
_0131
_s1
944 _cНора Радева
_k30550
_lКети Илиева
999 _c514864
_d514864
999 _d514864
999 _d424623
999 _d424623